Language Quiz

Random Language or Bands Quiz

Green Day's Vocabulary Quiz Stats

 Plays Quiz Updated Dec 6, 2018

Support Sporcle.
Go Orange.
Score 0/20 Timer 05:00
0 Plays Today
% Correct
Crucifix
92.9%
Drenched
92.5%
Suffocating
92.4%
Princess
92.2%
Trembling
91.2%
Unpredictable
91.1%
Machinery
91.1%
Melodramatic
90.8%
Shallow
90.8%
Twiddle
90.7%
% Correct
Complexion
89.8%
Martyr
89.7%
Mausoleum
88.8%
Inebriates
88.5%
Insubordinate
88.4%
Subliminal
86.3%
Monument
86.1%
Vendetta
84%
Uptight
83.1%
Contention
82.2%

From the Vault

Top 10 Richest Countries in North America

by teggers

Mo money, mo gross domestic product per capita.
Remove Ads.
Support Sporcle.
Get the best of Sporcle when you Go Orange. This ad-free experience offers more features, more stats, and more fun while also helping to support Sporcle. Thank you for becoming a member.

Show Comments

Extras

Top Quizzes Today


Score Distribution

Your Account Isn't Verified!

In order to create a playlist on Sporcle, you need to verify the email address you used during registration. Go to your Sporcle Settings to finish the process.

Report this User

Report this user for behavior that violates our Community Guidelines.

Details: